000 01982cam a2200361 a 4500
999 _c6737
_d6737
003 OSt
005 20200703130832.0
008 130820t 2012cl ad gr 000 0 spa d
020 _a9788492511372
040 _aCO-BoPUJ
_cCO-JMCR
041 0 _aspa
082 0 4 _a336.205
_bB827r
_221
100 _aBárcena, Alicia,
_eeditor
_96639
245 1 0 _aReforma fiscal en América Latina
_b¿qué fiscalidad para qué desarrollo?
_ceditores Alicia Bárcena y Narcís Serra
260 _aChile :
_bComisión Económica para América Latina,
_cc2012.
300 _a243 páginas :
_bilustraciones, cuadros y diagramas ;
_c23 cm.
504 _aBibliográfia en paginas 241- 243.
505 0 _aLa coyuntura económica y social en América Latina y el Caribe
_rJügen Weller
505 0 _aResolviendo la trinidad imposible de los impuestos al consumo
505 0 _aPolítica, espacio fiscal y equidad /
_rOsvaldo Kacef
505 0 _aEl gasto y la inversión públicos en América Latina en "la hora de la igualdad"
_rRicardo Mather
_rJorge Máttar
505 0 _aEl presupuesto por resultados en América Latina: un análisis de economía política de sus determinaciones
_rGabriel Filc
_rCarlos Scartascini
505 0 _aEl pacto fiscal en el Perú: origen, reformas y desafíos
_rLuis Carranza
505 0 _aHacia los pactos fiscales en América Latina: entre la reciprocidad y la confrontación
_rJuan Alberto Fuentes K.
520 0 _aEl crecimiento económico experimentado durante los últimos años en América Latina a permitido alcanzar progresivamente una sólida situación fiscal en la región.
650 1 4 _aDesarrollo sostenible
_xFinanzas
_zAmérica Latina
_96640
650 2 4 _aAmérica Latina
_xCondiciones económicas
_96641
650 2 4 _aAmérica Latina
_xCondiciones sociales
_96642
700 1 _aBárcena Ibarra, Alicia
_eEd.
_96643
700 1 _aSerra i Serra, Narcís
_eEd.
_96644
942 _2ddc
_cBK